| 000 | 01366cam a22003857a 4500 | ||
|---|---|---|---|
| 003 | CHAP | ||
| 005 | 20220817043652.0 | ||
| 008 | 000515d1998 mx r 00010 spa d | ||
| 010 | _a81136 | ||
| 011 | _a82108 | ||
| 020 | _a9686823484 | ||
| 035 | _a92594 | ||
| 040 | _cCHAP | ||
| 082 | 0 | 4 |
_a338.9 _bM63 |
| 100 | 0 | 0 |
_aMorales Barragán, Federico, comp. _978216 |
| 245 | 1 | 0 |
_aDesarrollo local principios, metodologías y experiencias _c/comp. por Federico Morales Barragán |
| 260 |
_aMéxico, D.F. : _bCentro de Servicios Municipales Heriberto Jara, A.C., _c1998 |
||
| 300 | _a153 p. | ||
| 410 | 2 | 1 | _aCentro de Servicios Municipales Heriberto Jara |
| 490 | 0 | _aSerie antologías | |
| 590 |
_aBATCH-UPD _b10 _c20130110 _lUCH01 _h0731 |
||
| 590 |
_aBATCH-UPD _b10 _c20130110 _lUCH01 _h2344 |
||
| 590 |
_aBATCH-UPD _b10 _c20130410 _lUCH01 _h0415 |
||
| 590 |
_aBATCH-UPD _b10 _c20130914 _lUCH01 _h0823 |
||
| 590 |
_aCONVERSION _b10 _c20130109 _lUCH01 _h1345 |
||
| 650 | 1 | 4 |
_aCambio social. _917787 |
| 650 | 1 | 4 |
_aDesarrollo de la comunidad _xUnión europea. _931975 |
| 650 | 1 | 4 | _aDesarrollo económico. |
| 810 | 0 | 0 |
_aCentro de Servicios Municipales Heriberto Jara _921170 |
| 830 | 0 | 0 |
_aSerie antologías _9104594 |
| 901 | _aBK | ||
| 905 | _aMarco A. Mendoza T. | ||
| 942 | _cLIBRO | ||
| 949 |
_a338.9 M63 _bBC _cLIBRO _d33724000774766 _eLIBRO _h96711 _i92594 _kDonaciØn _si |
||
| 999 |
_c81136 _d81136 |
||